Una aproximacion al diagnostico de la situacion en salud del Municipio de Lerida-Tolima (Registro nro. 82135)

Detalles MARC
000 -CABECERA
campo de control de longitud fija 01031nam a2200301 u 4500
001 - NÚMERO DE CONTROL
campo de control 191210
005 - FECHA Y HORA DE LA ÚLTIMA TRANSACCIÓN
campo de control 20260506080053.0
008 - DATOS DE LONGITUD FIJA--INFORMACIÓN GENERAL
campo de control de longitud fija 980602s1990 ||||||m| spa
035 ## - NÚMERO DE CONTROL DEL SISTEMA
Número de control de sistema 191210
040 ## - FUENTE DE LA CATALOGACIÓN
Centro/agencia transcriptor comduadb
041 ## - CÓDIGO DE LENGUA
Código de lengua del texto/banda sonora o título independiente spa
080 ## - NÚMERO DE LA CLASIFICACIÓN DECIMAL UNIVERSAL
Número de la Clasificación Decimal Universal WA
100 10 - ENTRADA PRINCIPAL--NOMBRE DE PERSONA
Nombre de persona Reyes Ramirez, Sergio
Código de función aut
Término indicativo de función/relación Autor/a
9 (RLIN) 319245
245 10 - TÍTULO PROPIAMENTE DICHO
Título propiamente dicho Una aproximacion al diagnostico de la situacion en salud del Municipio de Lerida-Tolima
260 ## - PUBLICACIÓN, DISTRIBUCIÓN, ETC.
Lugar de publicación, distribución, etc. Medellín,
Fecha de publicación, distribución, etc. 1990.
300 ## - DESCRIPCIÓN FÍSICA
Extensión 95 hojas
500 ## - NOTA GENERAL
Nota general Donacion. Autores, 28-02-91.
500 ## - NOTA GENERAL
Nota general Tesis (Especialista en Epidemiologia) Universidad de Antioquia - Título del grado otorgado
650 ## - PUNTO DE ACCESO ADICIONAL DE MATERIA--TÉRMINO DE MATERIA
Término de materia o nombre geográfico como elemento de entrada Lerida (Tolima)
9 (RLIN) 34618
650 ## - PUNTO DE ACCESO ADICIONAL DE MATERIA--TÉRMINO DE MATERIA
Término de materia o nombre geográfico como elemento de entrada Tolima (Colombia)
9 (RLIN) 30932
650 #7 - PUNTO DE ACCESO ADICIONAL DE MATERIA--TÉRMINO DE MATERIA
Término de materia o nombre geográfico como elemento de entrada Epidemiología
Fuente del encabezamiento o término lemb
9 (RLIN) 5453
650 #7 - PUNTO DE ACCESO ADICIONAL DE MATERIA--TÉRMINO DE MATERIA
Término de materia o nombre geográfico como elemento de entrada Salud
Fuente del encabezamiento o término lemb
9 (RLIN) 952
650 ## - PUNTO DE ACCESO ADICIONAL DE MATERIA--TÉRMINO DE MATERIA
Término de materia o nombre geográfico como elemento de entrada Planificación de la salud
9 (RLIN) 10176
700 10 - ENTRADA AGREGADA--NOMBRE PERSONAL
Nombre de persona Castro Arboleda, Maximiliano
Código de función aut
Término indicativo de función/relación Autor/a
9 (RLIN) 494424
700 10 - ENTRADA AGREGADA--NOMBRE PERSONAL
Nombre de persona Gómez Arias, Rubén Darío
Código de función ths
Término indicativo de función/relación Asesor/a de tesis
9 (RLIN) 481807
700 10 - ENTRADA AGREGADA--NOMBRE PERSONAL
Nombre de persona Ospina de Arboleda, Gabriela
Código de función ths
Término indicativo de función/relación Asesor/a de tesis
9 (RLIN) 319269
942 ## - ELEMENTOS DE ENTRADA AGREGADA (KOHA)
Tipo de ítem Koha Tesis
Existencias
Estado de retiro Estado de pérdida Fuente del sistema de clasificación o colocación Estado dañado No para préstamo Código de colección Localización permanente Ubicación/localización actual Fecha de adquisición Número de inventario Total de préstamos Signatura topográfica completa Código de barras Fecha visto por última vez Número de copia Precio válido a partir de Tipo de ítem Koha
    Clasificación Decimal Dewey     Colección Semiactiva Biblioteca de Salud Pública, Campus Medellín Biblioteca de Salud Pública, Campus Medellín 02/06/1998 C263786   WA105 R4u-90 e1 61000000791919 21/04/2023 1 21/04/2023 Tesis